Größte Städte in Saarland nach Buchstabe - Statistiken

Allgemein
  • Dieses Quiz wurde 57 mal gespielt
  • Das Durchschnittsergebnis liegt bei 8 aus 20
Antwortstatistiken
Hint Antwort % Korrekt
D Dillingen/Saar
100%
S Saarbrücken
93%
V Völklingen
73%
N Neunkirchen
71%
H Homburg
67%
M Merzig
62%
O Ottweiler
44%
L Lebach
33%
B Blieskastel
31%
I Illingen
31%
P Püttlingen
29%
Q Quierschied
29%
R Riegelsberg
29%
T Tholey
24%
F Friedrichsthal
18%
K Kleinblittersdorf
16%
E Eppelborn
13%
G Großrosseln
13%
W Wadgassen
13%
U Überherrn
7%
Keine übereinstimmenden Quizze gefunden
Verteilung der Resultate
Anzahl Personen mit jedem Resultat
Perzentil nach korrekt beantworteten Fragen
Ihre Resultats-Entwicklung
Sie haben dieses Quiz noch nicht gespielt